|
|
|
|
| LEADER |
01451nam a2200481 4500 |
| 001 |
DLU050047986 |
| 005 |
##20050622 |
| 007 |
##cr cn- |
| 008 |
##990519c19999999nyuar i0 0eng d |
| 010 |
# |
# |
|a sn 99018059
|z 99061598
|
| 035 |
# |
# |
|a (OCoLC)ocm41393438
|
| 040 |
# |
# |
|a MBNU-L
|c MBNU-L
|d CLU
|d GU
|d DLC
|d MH
|d GU
|d CU-S
|
| 042 |
# |
# |
|a lc
|
| 050 |
# |
# |
|a UG490
|b .L363
|
| 082 |
# |
# |
|a 341.7
|b ICB
|
| 110 |
# |
# |
|a International Campaign to Ban Landmines(ICBL)
|
| 245 |
# |
# |
|a Landmine monitor report 1999 :
|b toward a mine-free world /
|c International Campaign to Ban Landmines
|
| 260 |
# |
# |
|a New York, NY :
|b Human Rights Watch,
|c 1999
|
| 300 |
# |
# |
|a v.1071 p. :
|b ill. ;
|c 23 cm.
|
| 310 |
# |
# |
|a Annual
|
| 530 |
# |
# |
|a Also issued online.
|
| 630 |
# |
# |
|a Mine Ban Treaty
|d (1997)
|v Periodicals.
|
| 650 |
# |
# |
|a Land mine victims
|v Periodicals.
|
| 650 |
# |
# |
|a Land mines (International law)
|v Periodicals.
|
| 650 |
# |
# |
|a Land mines
|v Periodicals.
|
| 710 |
# |
# |
|a International Campaign to Ban Landmines.
|
| 850 |
# |
# |
|a CLU
|a DLC
|a GU
|
| 852 |
# |
# |
|x universal pattern
|
| 853 |
# |
# |
|8 1
|a (year)
|w a
|
| 856 |
# |
# |
|u http://bibpurl.oclc.org/web/7009
|u http://www.icbl.org/lm/
|
| 863 |
# |
# |
|8 1.1
|a 1999
|
| 923 |
# |
# |
|a 18/2005
|
| 992 |
# |
# |
|a 58700
|
| 994 |
# |
# |
|a DLU
|
| 998 |
# |
# |
|a KY
|
| 900 |
# |
# |
|a True
|
| 911 |
# |
# |
|a Nguyễn Thị Tố Hạnh
|
| 925 |
# |
# |
|a G
|
| 926 |
# |
# |
|a A
|
| 927 |
# |
# |
|a SH
|
| 980 |
# |
# |
|a Thư viện Trường Đại học Đà Lạt
|